000 00629nam a22001932 4500
001 0000001490
005 20151217155810.0
008 070313s xx 000 0 eng d
040 _aKABU
_cKABU
050 0 _aHC865
_b.Z7M35 2002
110 2 _aKenya.
_bMinistry of Finance and Planning.
_@0000150234
245 1 0 _aMakueni district development plan 2002-2008.
260 _aNairobi :
_bMinistry of Finance & Planning,
_c[2002],
300 _aviii, 86 p.
651 0 _aMakueni district (Kenya)
_xEconomic policy.
_@0000150282
908 _a070313
950 _@1
999 _c12566
_d12566